000 01010nam a2200205 a 4500
001 56216
005 20180714051856.0
008 140415s2007 mx 000 0 spa d
020 _a9683816398
041 _aspa
082 _a658.4063
_bDAV
100 1 _aDAVIES , ADRIAN
245 1 4 _aLAS MEJORES PRACTICAS DE GOBIERNO CORPORATIVO :
_bREPUTACION Y EXITO SOSTENIDOS
250 _a1a ed.
260 _aMEXICO :
_bPANORAMA EDITORIAL,
_c2007
300 _a368
_c15.5 x 1.3 x 22
490 _aARTES ESCENICAS ALBA
520 _aEN LAS MEJORES PRACTICAS DE GOBIERNO CORPORATIVO, EL AUTOR PRODUNDIZA MAS Y EXPLORA LOS ASTPECOS OPERATIVOS QUE RODEAN AL GOBIERNO CORPORATIVO, PROPORCIONANDO EJEMPLOS DE BUENAS PRACTICAS. ES UN TEXTO DE TIPO COMO HACERLO, CENTRANDO EN LOS PROCESOS Y SUS ASPECTOS PRACTICOS, RELACIONANDO EL GOBIERNO CORPORATIVO CON LOS BENEFICIOS TANGIBLES DEL NEGOCIO Y LA VENTAJA COMPETITIVA
650 1 4 _aEMPRESAS
_xADMINISTRACION
_xLIDERAZGO
_xPROCESO ADMINISTRATIVO
_xDIRECCION
999 _c56216
_d56216